| 000 | 00649nam a22002177a 4500 | ||
|---|---|---|---|
| 999 |
_c17716 _d17716 |
||
| 003 | AR-CdUCM | ||
| 008 | 190509b ||||| |||| 00| 0 spa d | ||
| 040 |
_aMUNICIPALIDAD PROVINCIAL DEL CUSCO _cBIBLIOTECA MUNICIPAL DEL CUSCO |
||
| 082 |
_22ed. _a848.9 / _bH38 |
||
| 100 |
_aHémon, Luis _937864 |
||
| 245 | _aMaria Chapdelaine / | ||
| 260 |
_aBuenos Aires : _bLosada, _c1945. |
||
| 300 |
_a155 páginas ; _c19 cm. |
||
| 440 |
_aBiblioteca Contemporánea. _927761 |
||
| 505 | _aContenido: Novela. | ||
| 650 |
_aNovelas _9218 |
||
| 650 |
_aLiteratura Francesa _9614 |
||
| 650 |
_aSiglo XX _98 |
||
| 942 |
_2ddc _cLIBROS |
||
| 945 |
_aachl _d2019-05-09 |
||